| 000 | 00571nam a22001937a 4500 | ||
|---|---|---|---|
| 003 | KOHA_MİRAKIL | ||
| 005 | 20251221131026.0 | ||
| 008 | 251221b tu ||||| |||| 00| 0 tur d | ||
| 020 | _a9786059897907 | ||
| 040 |
_aTR-AnABB _btur _cTR-AnABB |
||
| 041 | _atur | ||
| 082 |
_a720.288956223 _bOZU 2023 |
||
| 100 | 1 | _aÖzüpak, Fatma Nur, | |
| 245 | 1 | 0 |
_aKatılımcı yaklaşımla kültürel rota önerisi / _cFatma Nur Özüpak |
| 260 |
_aBursa : _bNilüfer Belediyesi, _c2023 |
||
| 300 |
_a267 sayfa ; _c30 cm |
||
| 650 | 0 | 4 | _aMimari eserler |
| 942 |
_2ddc _cBK |
||
| 999 |
_c9829 _d9829 |
||
| 900 | _bGizem YORULMAZ | ||